000
00305nam a22001097a 4500
999
_c
2733
_d
2733
005
20200923134724.0
008
200923b ||||| |||| 00| 0 eng d
040
_c
CML
245
_a
Heat.
_c
Efron, A.
260
_a
New York
_b
John F. Rider Publisher, Inc.
_c
1957
942
_2
ddc
_c
BK
_h
536
_m
EFR